| 000 | 02723nam a22004697a 4500 | ||
|---|---|---|---|
| 001 | 42835 | ||
| 003 | gtgccic | ||
| 005 | 20250801131008.0 | ||
| 007 | ta | ||
| 008 | 250730b sp ||||| |||| 00| 0 spa d | ||
| 020 | _a8487381286 | ||
| 040 |
_agtgccic _bspa _cgtgccic _dgtgccic _erda |
||
| 082 | _a684.104 P427 | ||
| 100 | 1 |
_aFernando Peraza Sánchez _bDr. Ingeniero de Montes _cDirector técnico de AITIM _eAutor |
|
| 100 | 1 |
_aFrancisco Arriaga Martitegui _bDr. Arquitecto _cProfesor de Cálculo de Estructuras de la UPM _eAutor |
|
| 100 | 1 |
_aJosé Enrique Peraza _bArquitecto _cSecretario General de AITIM _eAutor |
|
| 245 |
_aTableros de madera de uso estructural / _cPeraza Sánchez, Fernando |
||
| 264 |
_aMadrid, España : _bArtes Gráficas Palermo ; _c2004. |
||
| 300 |
_a276 p. : _bil. _c24 cm |
||
| 336 |
_2rdacontenido _atexto _btxt |
||
| 337 |
_2rdamedio _asin mediación _bn |
||
| 338 |
_2rdasoporte _avolumen _bnc |
||
| 505 |
_gCapítulo 1 _tTABLEROS DERIVADO DE LA MADERA |
||
| 505 |
_gCapítulo 2 _tRESEÑA HISTÓRICA |
||
| 505 |
_gCapítulo 3 _tDIMENSIONES |
||
| 505 |
_gCapítulo 4 _tPROPIEDADES FÍSICAS |
||
| 505 |
_gCapítulo 5 _tPROPIEDADES MECÁNICAS |
||
| 505 |
_gCapítulo 6 _tCÁLCULO |
||
| 505 |
_gCapítulo 7 _tCOMPORTAMIENTO AL FUEGO |
||
| 505 |
_gCapítulo 8 _tDURABILIDAD |
||
| 505 |
_gCapítulo 9 _tCERTIFICACIÓN Y MARCAS DE CALIDAD |
||
| 505 |
_gAnexo A _tNORMAS SOBRE TABLEROS |
||
| 505 |
_gAnexo B _tESPECIFICACIONES DE LOS TABLEROS |
||
| 505 |
_gAnexo C _tDETERMINACIÓN DE LAS PROPIEDADES MECÁNICAS DE LOS TABLEROS ESTRUCTURALES |
||
| 505 |
_gAnexo D _tEJEMPLOS DE CÁLCULO |
||
| 505 |
_gAnexo E _tEJEMPLOS DE MARCADO CE |
||
| 520 | _aLos tableros derivados de la madera se definen como un producto en el que predominan la longitud y la anchura sobre el espesor y en el que el elemento constitutivo principal es la madera. Esta denominación engloba a un amplio número de tableros cuyas propiedades y aplicaciones son muy variadas. Los tableros se utilizan principalmente en aplicaciones decorativas y estructurales, pero también tienen otras importantes aplicaciones de corta duración o en funciones auxilliares como encofrados, embalajes, cajas de frutas, cerramientos provisionales, stands, etc. Con las técnicas de reciclaje actuales la industria de tableros es capaz de volver a utilizar desperdicios o elementos de maderas desechados después de su uso por la sociedad, introduciéndolos de nuevo en el circuito de la madera como productos útiles | ||
| 700 |
_aEmilio Luengo Cuadrado _dIngeniero de Montes |
||
| 700 |
_aIgnacio Bobadilla Maldonado _dDr. Ingeniero de Montes. Profesor de Tecnología de la Madera de la U.P.M. |
||
| 942 |
_2ddc _cBK _n0 |
||
| 945 | _aamlo | ||
| 999 |
_c743 _d743 |
||